Tolerancia si žiada primerané argumenty

Podrobná bibliografia
Hlavný autor: Suchý, Michal, 1928-2020 (Autor)
Médium: Článok
Jazyk:slovenčina
Predmet:

MARC

LEADER 00000nab a2200000 a 4500
001 vtls000431562
003 SK-MaSNL
005 20260303204555.0
008 120925c1991 xo 0 slo
015 |a SNBRB19rr/mm-uuuuu 
035 |a CL0431690 
040 |a SNKBUCL  |b slo  |c SNKBUCL  |e AACR2 
041 0 |a slo 
044 |a xo  |c SK 
080 |a 215  |2 1981 
080 |a 141.4  |2 1981 
100 1 |a Suchý, Michal,  |d 1928-2020  |4 aut  |9 235368 
245 1 0 |a Tolerancia si žiada primerané argumenty  |c Michal Suchý 
650 0 7 |a svet (filozofia)  |2 snkbucl  |9 23274 
655 7 |a články z novín a časopisov  |2 snkbucl  |9 267496 
773 0 |t Nové slovo  |g Roč. 33, č. 39 (1991), s. 10 
850 |a Slovenská národná knižnica v Martine  |a MTA001 
852 |a SNK  |b KIS3GCP 
958 |a RK 
992 |a RBX 
999 |c 2190643  |d 2192573